| 000 | 00000nam##2200000za#4500 |
| 001 | 9.696388 |
| 003 | CaOODSP |
| 005 | 20210624235018 |
| 007 | cr ||||||||||| |
| 008 | 150407|2000||||xxc|||||o f|0| 0 eng|d |
| 040 | |aCaOODSP|beng |
| 043 | |an-cn--- |
| 086 | 1 |aMR21-24/2000E-PDF |
| 110 | 1 |aCanada.|bMedical Research Council of Canada. |
| 245 | 14|aThe road ahead-- adieu to MRC, welcome CIHR : |h[electronic resource]|badvice to the Governing Council of the Canadian Institutes of Health Research |
| 260 | |aOttawa - Ontario : |bMedical Research Council of Canada |cMay 2000. |
| 300 | |a13p.|bfigs., graph, table, photographs |
| 590 | |a12-31-Supp|b2012-07-06 |
| 690 | 07|aMedical research|2gcpds |
| 775 | 08|tLe chemin à parcourir-- adieu au CRM, bienvenu à IRSC : |w(CaOODSP)9.640504 |
| 776 | 0#|tThe road ahead: adieu to MRC, welcome CIHR : |w(CaOODSP)9.662261 |
| 776 | 0#|tLe chemin à parcourir: adieu au CRM, bienvenu à IRSC : |w(CaOODSP)9.662262 |
| 856 | 40|ahttp://publications.gc.ca|qPDF|s487 KB|uhttps://publications.gc.ca/collections/Collection/MR21-24-2000E.pdf |